[Event "BayJEM19 - U18w"]
[Site "?"]
[Date "2019.04.26"]
[Round "7.3"]
[White "Gauchel, Verena"]
[Black "Funk, Anabel"]
[Result "1-0"]
[WhiteElo "1603"]
[BlackElo "921"]
[PlyCount "85"]
[EventDate "2019.??.??"]
[WhiteTeam "Schachklub Germering e. V."]
[BlackTeam "Aschaffenburg- Schweinheim e.V."]

1. d4 d5 2. c4 Nf6 3. Nc3 Bf5 4. Qb3 b6 5. cxd5 g6 6. Bf4 a6 7. g3 b5 8. Bg2
Ra7 9. e4 Bc8 10. e5 e6 11. exf6 Bd6 12. Bxd6 cxd6 13. dxe6 Bxe6 14. d5 Bf5 15.
Nxb5 axb5 16. Qe3+ Re7 17. Qxe7+ Qxe7+ 18. fxe7 Kxe7 19. Nf3 Re8 20. O-O h5 21.
Rfe1+ Kf8 22. Rxe8+ Kxe8 23. Nd4 Bd7 24. Rc1 Na6 25. Bf1 Nb4 26. a3 Nxd5 27.
Bxb5 f5 28. Re1+ Kd8 29. Rd1 Nf6 30. Bxd7 Kxd7 31. Nb5 d5 32. Nc3 Kc6 33. b4 g5
34. a4 h4 35. a5 h3 36. b5+ Kc5 37. a6 Kb6 38. Nxd5+ Nxd5 39. Rxd5 Kc7 40. Rxf5
g4 41. Rf7+ Kb8 42. b6 Ka8 43. Rf8# 1-0

[Event "BayJEM19 - U18w"]
[Site "?"]
[Date "2019.04.26"]
[Round "7.4"]
[White "Ebert, Caroline"]
[Black "Heinze, Sabrina"]
[Result "1/2-1/2"]
[WhiteElo "1147"]
[BlackElo "1321"]
[PlyCount "31"]
[EventDate "2019.??.??"]
[WhiteTeam "Aschaffenburg- Schweinheim e.V."]
[BlackTeam "SC Ammersee"]

1. d4 d5 2. c4 e6 3. Nc3 Bb4 4. a3 Bxc3+ 5. bxc3 Nf6 6. f3 Nbd7 7. Bf4 c5 8. e3
O-O 9. Qa4 Nb6 10. Qb5 Bd7 11. Qxc5 Rc8 12. Qa5 Nxc4 13. Qxa7 Ra8 14. Qxb7 Nxa3
15. Kf2 Nc2 16. Rxa8 1/2-1/2